Co přitahuje cizí kapitál. Americký pohled na využití výsledku kupónové privatizace.
Zahraničné investície v ČSFR v r. 1992. Vplyv rozdelenia štátu na dve republiky. Vstup zahraničného kapitálu do Českej republiky.
Uložené v:
| Hlavný autor: | |
|---|---|
| Ďalší autori: | |
| Médium: | Kapitola |
| Jazyk: | Czech |
| Predmet: | |
| Tagy: |
Žiadne tagy, Buďte prvý, kto otaguje tento záznam!
|
MARC
| LEADER | 00000naa a2200000 4500 | ||
|---|---|---|---|
| 001 | r011663 | ||
| 005 | 20220826094004.8 | ||
| 041 | 0 | |a cze | |
| 044 | |a [CS] | ||
| 245 | 1 | 0 | |a Co přitahuje cizí kapitál. |b Americký pohled na využití výsledku kupónové privatizace. |c J. Vaňous, I. Pírek |
| 520 | |a Zahraničné investície v ČSFR v r. 1992. Vplyv rozdelenia štátu na dve republiky. Vstup zahraničného kapitálu do Českej republiky. | ||
| 610 | 2 | 0 | |a investície zo zahraničia |
| 610 | 2 | 0 | |a ČSFR |
| 610 | 2 | 0 | |a Čechy |
| 610 | 2 | 0 | |a privatizácia |
| 100 | 1 | |a Vaňous, Jan | |
| 700 | 1 | |a Pírek, I. | |